Obálka Náhled e-knihy:
PDF Epub
Pro půjčování e-knih musíte být přihlášeni.
Jak si půjčit online?

Hora v mori /

Morská biologička Ha Nguyenová dostane ponuku vycestovať na odľahlé súostrovie, kde objavili vysoko inteligentný druh chobotnice. Nadnárodná technologická spoločnosť, ktorá je známa prelomovou prácou v oblasti umelej inteligencie, zo súostrovia evakuuje obyvateľstvo a uzavrie ho pred svetom. Chobotn...

Celý popis

Uloženo v:
Hlavní autor: Nayler, Ray (Autor)
Médium: E-kniha
Jazyk:Czech
Vydáno: Praha : Albatros Media Slovakia s.r.o., 2023
Tagy:
Žádné tagy
LEADER 01522nam a22002297i 4500
001 312409
007 ta
008 260601s2023 xr ||||| |||| 00| 0 cze d
020 |a 9788056637012 
044 |a xr 
100 1 |a  Nayler, Ray  |4 aut 
245 1 0 |a Hora v mori /  |c  Nayler, Ray 
240 1 0 |a Mountain In The Sea  
264 1 |a Praha :  |b Albatros Media Slovakia s.r.o.,  |c 2023 
300 |a 1 online zdroj (408 stran) 
336 |a text  |b txt  |2 rdacontent 
337 |a bez média  |b n  |2 rdamedia 
338 |a online zdroj  |b cr  |2 rdacarrier 
520 2 |a Morská biologička Ha Nguyenová dostane ponuku vycestovať na odľahlé súostrovie, kde objavili vysoko inteligentný druh chobotnice. Nadnárodná technologická spoločnosť, ktorá je známa prelomovou prácou v oblasti umelej inteligencie, zo súostrovia evakuuje obyvateľstvo a uzavrie ho pred svetom. Chobotnice sú totiž kľúčom k bezprecedentným objavom a ten, kto dokáže využiť ich pokroky, môže získať obrovské bohatstvo a moc. No nikto sa zatiaľ neopýtal chobotníc, čo si o tom myslia. A čo plánujú urobiť. 
910 |a RBIT002 
998 |d 405986  |a https://core.palmknihy.cz/api/books/405986/cover?seffgo  |b https://core.palmknihy.cz/api/books/405986/cover/400?seffgo  |c https://core.palmknihy.cz/api/books/405986/cover/50?seffgo  |e 2029-01-06  |g 408  |i 9788056637012  |j https://core.palmknihy.cz/api/books/405986/preview.epub  |k https://core.palmknihy.cz/api/books/405986/preview.pdf  |l   |q 49  |r 1  |s https://www.palmknihy.cz/kniha/405986  |t ebook  |y 2023  |z 1 
999 |d 312407